Introduccin̤ al Gobierno y a la gestin̤ local

Bibliographic Details
Main Author: Canales Aliende, Jos ̌Manuel
Other Authors: Přez Guerrero, Pedro Luis
Format: eBook
Language:Spanish
Published: Alicante : Editorial Club Universitario, 2002
Subjects:
Online Access:http://ww.vlex.com/source/7370

MARC

LEADER 00000nam a22000007a 4500
005 20130228182119.0
007 cr|||| ||||
008 130228e2002 sp |||||s|||| 00||0 spa d
020 |a 978-84-8454-187-5 
035 |a 7370 
040 |a vLex 
090 |c 3794  |d 3794 
100 1 0 |a Canales Aliende, Jos ̌Manuel  
245 1 0 |a Introduccin̤ al Gobierno y a la gestin̤ local  |h [Recurso electrn̤ico]  |c / Jos ̌Manuel Canales Aliende, Pedro Luis Přez Guerrero  
256 |a Servicio en ln̕ea 
260 |a Alicante :  |b Editorial Club Universitario,   |c 2002  
300 |a 1 Recurso electrn̤ico 
650 0 4 |a Derecho administrativo  |z Espaą 
650 0 4 |a Administracin̤ local  |z Espaą 
700 1 0 |a Přez Guerrero, Pedro Luis  
740 |a vLex libros (Servicio en ln̕ea) 
856 |a Acceso restringido  |u http://ww.vlex.com/source/7370 
942 |c BOOK 
999 0 |a Administrative law